| 000 | 01960cam0 2200409 ib4500 | ||
|---|---|---|---|
| 001 | BY-MI0000-br2147973305 | ||
| 005 | 20251209140354.0 | ||
| 010 |
^a978-5-08-007385-4 ^bв переплете |
||
| 100 | ^a20251125d2024 a y0rusy50 ca | ||
| 101 | 0 | ^arus | |
| 102 | ^aRU | ||
| 105 | ^aac z 000ay | ||
| 109 | ^ama | ||
| 200 | 1 |
^aА зори здесь тихие... ^eповесть ^aВ списках не значился ^eроман ^e[для старшего школьного возраста] ^fБорис Васильев ^gвступительная статья В. Воронова ^gхудожники П. Пинкисевич, Л. Дурасов |
|
| 210 |
^aМосква ^cДетская литература ^d2024 |
||
| 215 |
^a393, [2] c. ^cил. ^d21 см |
||
| 225 | 1 | ^aСерия "Школьная библиотека" | |
| 333 | ^a12+ | ||
| 345 | ^93000 экз. | ||
| 608 |
^aРОМАН ^3BY-NLB-ar92012 ^2BYGNR |
||
| 608 |
^aПОВЕСТЬ ^3BY-NLB-ar23936 ^2BYGNR |
||
| 608 |
^aПРОЗА (лит. произведение) ^3BY-NLB-ar2648148 ^2BYGNR |
||
| 608 |
^aДЕТСКАЯ И ЮНОШЕСКАЯ ЛИТЕРАТУРА (художеств. произведение) ^3BY-NLB-ar9019 ^2BYGNR |
||
| 606 |
^aРУССКАЯ ЛИТЕРАТУРА ^3BY-NLB-ar28702 ^2DVNLB |
||
| 606 |
^aХУДОЖЕСТВЕННАЯ ЛИТЕРАТУРА ^3BY-NLB-ar37179 ^2DVNLB |
||
| 686 |
^a84(2Рос)6-4 ^2rubbk |
||
| 690 |
^a1 ^2Base ^9BY-MI0000 ^xRSEK |
||
| 700 | 1 |
^aВасильев ^bБ. Л. ^3BY-NLB-ar104792 |
|
| 702 | 1 |
^aДурасов ^bЛ. П. ^gЛев Петрович ^3BY-SEK-ar1780317 ^4040 |
|
| 702 | 1 |
^aПинкисевич ^bП. Н. ^gПетр Наумович ^f1925―2004 ^3BY-SEK-948085 ^4040 |
|
| 702 | 1 |
^aВоронов ^bВ. ^4080 |
|
| 801 | 0 |
^aBY ^bBY-MI0000 ^c20251125 ^gRCR |
|
| 035 | ^a(BY-MI0000)BY-MI0000-br2147973305 | ||
| 899 | 0 |
^aBY-MI0000 ^iВ19 ^h84(2Рос)6 |
|